Architectural renderings : (Record no. 607714)

000 -LEADER
fixed length control field 01150cam a2200301 a 4500
001 - CONTROL NUMBER
control field 16169934
003 - CONTROL NUMBER IDENTIFIER
control field OSt
005 - DATE AND TIME OF LATEST TRANSACTION
control field 20240214152647.0
008 - FIXED-LENGTH DATA ELEMENTS--GENERAL INFORMATION
fixed length control field 100326s2009 gw a bc 000 0 eng
010 ## - LIBRARY OF CONGRESS CONTROL NUMBER
LC control number 2010451068
020 ## - INTERNATIONAL STANDARD BOOK NUMBER
International Standard Book Number 9783938666630
040 ## - CATALOGING SOURCE
Original cataloging agency DLC
Transcribing agency DLC
042 ## - AUTHENTICATION CODE
Authentication code pcc
050 00 - LIBRARY OF CONGRESS CALL NUMBER
Classification number NA2780
Item number .A715 2009
082 ## - DEWEY DECIMAL CLASSIFICATION NUMBER
Classification number 720.284
Author Mark ARC
245 00 - TITLE STATEMENT
Title Architectural renderings :
Remainder of title construction and design manual : [history and theory, studios and practices] /
Statement of responsibility, etc. [edited by] Fabio Schillaci ; [essays by Augusto Romano Burelli, Fabrizio Avella].
246 3# - VARYING FORM OF TITLE
Title proper/short title Construction and design manual :
Remainder of title Architectural renderings
260 ## - PUBLICATION, DISTRIBUTION, ETC.
Place of publication, distribution, etc. Berlin :
Name of publisher, distributor, etc. DOM publishers,
Date of publication, distribution, etc. c2009.
300 ## - PHYSICAL DESCRIPTION
Extent 465 p. :
Other physical details ill. (chiefly col.) ;
Dimensions 29 cm.
504 ## - BIBLIOGRAPHY, ETC. NOTE
Bibliography, etc. note Includes bibliographical references.
650 #0 - SUBJECT ADDED ENTRY--TOPICAL TERM
Topical term or geographic name entry element Architectural rendering
Form subdivision Catalogs.
9 (RLIN) 120394
700 1# - ADDED ENTRY--PERSONAL NAME
Personal name Schillaci, Fabio,
Dates associated with a name 1977-
9 (RLIN) 120395
700 1# - ADDED ENTRY--PERSONAL NAME
Personal name Burelli, Augusto Romano.
9 (RLIN) 120396
700 1# - ADDED ENTRY--PERSONAL NAME
Personal name Avella, Fabrizio.
9 (RLIN) 120397
906 ## - LOCAL DATA ELEMENT F, LDF (RLIN)
a 7
b cbc
c origres
d 3
e ncip
f 20
g y-gencatlg
942 ## - ADDED ENTRY ELEMENTS (KOHA)
Source of classification or shelving scheme
Koha item type Book
Holdings
Withdrawn status Lost status Source of classification or shelving scheme Damaged status Not for loan Permanent Location Current Location Date acquired Source of acquisition Total Checkouts Full call number Barcode Date last seen Cost, replacement price Price effective from Koha item type
          School of Art Design and Architecture (SADA) School of Art Design and Architecture (SADA) 01/04/2017 S.A.Rehman   720.284 ARC 2009 SADA0002646 02/14/2024 2011.68 02/14/2024 Book
© 2023 Central Library, National University of Sciences and Technology. All Rights Reserved.